{"text_format":"2","workbook":"xlsx","n_sheets":1,"sheets":["SheetJS"],"not_rendered":{"charts":0,"images":0,"macros":0,"external_links":0,"defined_names":0,"comments":0,"pivot_tables":0},"unopened":[],"bounds":{"document_bytes":16777216,"sheet_cells":100000,"run_cost":"one","rows_first":2000,"rows_last":500,"rows_between":2000,"halvings":0,"cell_chars":16384,"cell_head_chars":4096},"cells_cut":0,"cells_raw":0,"read":"whole","date_system":"1900"}

{"sheet":"SheetJS","index":0,"n_rows":149,"n_cols":13,"rows_kept":149,"cut":false,"hidden":false,"merged":[]}
["牧场","入库单编号","入库日期","物料编码","品名","规格型号","品牌","计量单位","数量","单价","总价","库位","供应商"]
["宝鸡","RK0820050261","2020/5/10","04.05.13.02.000182","PC盖","Ф466","赛娜牧业","个",2,710.52,1421.04,"H-01-01","赛娜牧业"]
["宝鸡","RK0820050234","2020/5/10","04.03.05.07.001155","维修潜水搅拌器","5.5KW","维修","台",2,525,1050,"U-01-01","泰森机电"]
["宝鸡","RK0820050222","2020/5/10","04.03.02.02.000171","充电式手电钻","TSR1440-LI","博世","把",1,919,919,"B-01-01","浩祥晟机电"]
["宝鸡","RK0820050222","2020/5/10","04.03.03.01.000329","304不锈钢浮球阀","DN25","国标","个",4,91,364,"B-01-01","浩祥晟机电"]
["宝鸡","RK0820050224","2020/5/10","04.03.01.01.000611","铂热电阻","WZP-200","国标","个",6,83,498,"B-01-01","浩祥晟机电"]
["宝鸡","RK0820050263","2020/5/10","04.03.01.05.000034","排温热电偶","WRNK/291G","胜动济柴/中国","个",10,140,1400,"A1-01-01","沃尔奔达"]
["宝鸡","RK0820050263","2020/5/10","04.03.01.05.000040","压力传感器","5芯EDYL-1","胜动济柴/中国","个",1,350,350,"A1-01-01","沃尔奔达"]
["宝鸡","RK0820050226","2020/5/10","04.03.01.02.000433","开启式刀开关","HS13B-1500","德力西","个",2,3096,6192,"U-01-01","泰森机电"]
["宝鸡","RK0820050221","2020/5/10","04.03.05.02.000202","气动隔膜泵","QBY-15","ARO","个",6,1980,11880,"B-01-01","浩祥晟机电"]
["宝鸡","RK0820050219","2020/5/9","04.05.16.01.000269","火花塞127.90.50","S-R807BEX15-2","胜动济柴/中国","个",10,450,4500,"A1-01-01","沃尔奔达"]
["宝鸡","RK0820050212","2020/5/9","04.04.18.06.000177","刹车油","DOT-3(800g)","长城","桶",12,22,264,"J1-01-01","秦海石化"]
["宝鸡","RK0820050205","2020/5/9","04.03.05.07.002424","维修刮板","4.2米","维修","个",1,300,300,"A-01-01","宁远机械"]
["宝鸡","RK0820050219","2020/5/9","04.05.16.01.000215","缸头","127.03.80-Z(带座圈、气门)","胜动济柴/中国","个",1,4800,4800,"A1-01-01","沃尔奔达"]
["宝鸡","RK0820050210","2020/5/9","04.05.16.01.000789","排气管","2米","胜动济柴/中国","个",1,1500,1500,"A1-01-01","沃尔奔达"]
["宝鸡","RK0820050209","2020/5/9","04.05.13.02.000046","三角式导流奶衬","IP10U","岸弘","包",325,138,44850,"I-03-25","岸弘"]
["宝鸡","RK0820050212","2020/5/9","04.04.18.06.000227","柴机油","20W-50/CH-4(18L)","美孚","桶",2,421.4,842.8,"J1-01-01","秦海石化"]
["宝鸡","RK0820050212","2020/5/9","04.04.18.06.000242","涡轮蜗杆油","CKE320#","长城","公斤（千克）",170,21.47,3649.9,"J1-01-01","秦海石化"]
["宝鸡","RK0820050220","2020/5/9","04.05.13.02.000096","莱特型控制面板(以旧换新)","阿菲金","赛娜牧业","块",5,4825,24125,"H-01-01","赛娜牧业"]
["宝鸡","RK0820050212","2020/5/9","04.04.18.06.000165","抗磨液压油","HM46#(16KG)","长城","桶",20,265,5300,"J1-01-21","秦海石化"]
["宝鸡","RK0820050213","2020/5/9","04.04.18.06.000290","传导热油","320#","长城","升",200,19.71,3942,"J1-01-01","秦海石化"]
["宝鸡","RK0820050212","2020/5/9","04.04.18.06.000176","锂基脂","3#(15KG)","长城","桶",8,251,2008,"J1-03-21","秦海石化"]
["宝鸡","RK0820050212","2020/5/9","04.04.18.06.000241","齿轮油","CKD320#.","长城","公斤（千克）",2,19.02,38.04,"J1-01-01","秦海石化"]
["宝鸡","RK0820050206","2020/5/9","04.03.07.03.000248","转盘","ZP370","加工","个",5,504,2520,"A-01-01","宁远机械"]
["宝鸡","RK0820050191","2020/5/8","04.03.01.03.000104","RVV电缆线","4*4mm2","沈阳电缆","米",2400,14.88,35712,"H1-01-01","震坤行"]
["宝鸡","RK0820050148","2020/5/8","04.04.13.01.000618","发电机皮带","W010513440","山工","条",1,115.5,115.5,"G-01-01","博诚盛凯"]
["宝鸡","RK0820050171","2020/5/8","04.06.03.03.000145","氧气","13Kg","国标","瓶",3,53,159,"U-01-01","泰森机电"]
["宝鸡","RK0820050134","2020/5/8","04.04.16.03.000336","风扇皮带","新柴490","合力","条",2,35,70,"F-01-01","陕西合力"]
["宝鸡","RK0820050200","2020/5/8","04.03.01.02.000085","交流接触器","CJX22510/220V","施耐德","个",13,56.64,736.32,"M1-01-01","北京京东"]
["宝鸡","RK0820050132","2020/5/8","04.03.07.02.002091","中性硅酮结构胶","蓝色经典LSJD-995","三和","瓶",24,16.85,404.4,"M1-01-01","北京京东"]
["宝鸡","RK0820050193","2020/5/8","04.03.07.03.000332","牛栏门新式合页","100*100*80MM","加工","个",46,38,1748,"A-01-01","宁远机械"]
["宝鸡","RK0820050132","2020/5/8","04.06.03.02.000139","自喷漆","银灰色","保赐利","瓶",12,8.2,98.4,"M1-01-01","北京京东"]
["宝鸡","RK0820050132","2020/5/8","04.03.01.02.000509","热过载继电器","JRS1-25-13-18A","施耐德","个",25,75.85,1896.25,"M1-01-01","北京京东"]
["宝鸡","RK0820050132","2020/5/8","04.03.04.04.000053","气管三通（塑料）","10mm","神驰","个",25,2.58,64.5,"M1-01-01","北京京东"]
["宝鸡","RK0820050200","2020/5/8","04.03.04.03.000120","机械密封","109-20","FLYKE","套",10,86.91,869.1,"M1-01-01","北京京东"]
["宝鸡","RK0820050134","2020/5/8","04.04.16.03.000267","起动机","新柴490","合力","台",2,480,960,"F-01-01","陕西合力"]
["宝鸡","RK0820050133","2020/5/8","04.04.16.03.000248","发电机","新柴490","合力","个",1,320,320,"F-01-01","陕西合力"]
["宝鸡","RK0820050171","2020/5/8","04.06.03.03.000146","乙炔","120L","国标","瓶",2,120,240,"U-01-01","泰森机电"]
["宝鸡","RK0820050148","2020/5/8","04.04.18.02.000708","空气滤清器滤芯 61260011499","W010517226","山工","件",3,250,750,"G-04-15","博诚盛凯"]
["宝鸡","RK0820050131","2020/5/8","04.03.03.02.002460","PVC胶水","2.5KG/桶","聚远","桶",2,75.79,151.58,"M1-01-01","北京京东"]
["宝鸡","RK0820050132","2020/5/8","04.03.01.02.000034","空开","3P/32A","德力西","个",13,22.37,290.81,"M1-01-01","北京京东"]
["宝鸡","RK0820050132","2020/5/8","04.03.03.01.000157","法兰截止阀","DN40/2.5MPa","FGO","个",1,261.42,261.42,"M1-01-01","北京京东"]
["宝鸡","RK0820050188","2020/5/8","04.05.13.02.000104","D型接口线电缆","/","赛娜牧业","条",5,624.75,3123.75,"H-01-01","赛娜牧业"]
["宝鸡","RK0820050193","2020/5/8","04.03.05.07.001029","牛舍门维修","3.3米","维修","件",4,200,800,"A-01-01","宁远机械"]
["宝鸡","RK0820050200","2020/5/8","04.03.04.04.000090","油水分离器","BFR-2000 1.5-9.0MPa/BL-2000 0.5-9.0MPa","神驰","套",1,63.57,63.57,"M1-01-01","北京京东"]
["宝鸡","RK0820050131","2020/5/8","04.03.01.01.001239","户外不锈钢配电箱","400*500*180","聚远","个",1,184.81,184.81,"M1-01-01","北京京东"]
["宝鸡","RK0820050147","2020/5/8","04.04.13.01.000730","高压软管组件（左）","N25B0680180010","山工","件",1,214.5,214.5,"G-01-01","博诚盛凯"]
["宝鸡","RK0820050175","2020/5/8","04.03.04.02.000079","轴承","UCF211","HRB","盘",1,93,93,"U-01-01","泰森机电"]
["宝鸡","RK0820050112","2020/5/7","04.03.04.04.000501","铜塑接头","PC10-04（20个）","米星","件",1,112.32,112.32,"M1-01-01","北京京东"]
["宝鸡","RK0820050110","2020/5/7","04.03.04.03.000612","机械密封","TD28","密瀚","个",1,269.89,269.89,"H1-01-01","震坤行"]
["宝鸡","RK0820050127","2020/5/7","04.03.01.02.000788","微电脑时控开关","KG-316T","德力西","个",10,63,630,"B-01-01","浩祥晟机电"]
["宝鸡","RK0820050110","2020/5/7","04.03.07.02.002419","汽油发电机","8.0KW","银马之星","台",1,5200.86,5200.86,"H1-01-01","震坤行"]
["宝鸡","RK0820050097","2020/5/7","04.04.18.01.000014","电瓶","85A","福田","块",1,643,643,"E-01-01","江瑞商贸"]
["宝鸡","RK0820050097","2020/5/7","04.04.18.05.000032","起动机","24V9齿","福田","台",1,643,643,"E-01-01","江瑞商贸"]
["宝鸡","RK0820050124","2020/5/7","04.03.02.01.000061","手动黄油枪","400cc","赫力斯","把",2,36.17,72.34,"M1-01-01","北京京东"]
["宝鸡","RK0820050112","2020/5/7","04.03.03.02.002461","PVC变径","Φ75*63（10个装）","卓炫","件",2,58.56,117.12,"M1-01-01","北京京东"]
["宝鸡","RK0820050125","2020/5/7","04.03.04.04.000096","PU气管","φ12*8/100米","山耐斯","卷",1,345.6,345.6,"M1-01-01","北京京东"]
["宝鸡","RK0820050112","2020/5/7","04.03.03.01.001193","面盆水龙头","OT-3106","欧泰","个",2,53.35,106.7,"M1-01-01","北京京东"]
["宝鸡","RK0820050124","2020/5/7","04.03.03.02.002418","PVC直接","Φ110（5个装）","卓炫","件",6,57.6,345.6,"M1-01-01","北京京东"]
["宝鸡","RK0820050101","2020/5/7","04.03.01.02.001365","切换电容器接触器","CJ19-63/11-220V","德力西","个",4,227,908,"U-01-01","泰森机电"]
["宝鸡","RK0820050112","2020/5/7","04.03.04.04.000498","铜塑接头","PC10-02（20个）","米星","件",1,63.36,63.36,"M1-01-01","北京京东"]
["宝鸡","RK0820050097","2020/5/7","04.04.18.08.000055","电风扇","24v","国标","个",2,150,300,"E-01-01","江瑞商贸"]
["宝鸡","RK0820050106","2020/5/7","04.03.01.03.000393","RVV电缆线","2*1.5mm2（100米）","津达线缆","卷",1,229.83,229.83,"H1-01-01","震坤行"]
["宝鸡","RK0820050112","2020/5/7","04.03.04.04.000500","铜塑接头","PC12-04（20个）","米星","件",1,112.32,112.32,"M1-01-01","北京京东"]
["宝鸡","RK0820050124","2020/5/7","04.03.03.02.002424","PVC直接","Φ63（10个装）","卓炫","件",3,27.84,83.52,"M1-01-01","北京京东"]
["宝鸡","RK0820050101","2020/5/7","04.03.05.03.000011","轴流风机","220V","无","个",5,101,505,"U-01-01","泰森机电"]
["宝鸡","RK0820050130","2020/5/7","04.05.16.01.000118","点火线圈","127.90.60/501061","胜动济柴/中国","个",2,450,900,"A1-01-01","沃尔奔达"]
["宝鸡","RK0820050112","2020/5/7","04.03.07.02.002531","生料带","19mm*13m （10卷装）","安赛瑞","件",5,28,140,"M1-01-01","北京京东"]
["宝鸡","RK0820050107","2020/5/7","04.03.07.02.000209","泡沫填缝剂","750ML","奥峰","瓶",40,15.68,627.2,"H1-01-01","震坤行"]
["宝鸡","RK0820050112","2020/5/7","04.03.04.04.000499","铜塑接头","PC12-10（20个）","米星","件",1,52.55,52.55,"M1-01-01","北京京东"]
["宝鸡","RK0820050097","2020/5/7","04.04.18.08.000100","倒车喇叭","24V","国标","个",2,64,128,"E-01-01","江瑞商贸"]
["宝鸡","RK0820050125","2020/5/7","04.03.07.02.002091","中性硅酮结构胶","蓝色经典LSJD-995","三和","瓶",26,16.85,438.1,"M1-01-01","北京京东"]
["宝鸡","RK0820050110","2020/5/7","04.03.04.02.000249","轴承","UCP308","泛科","套",4,84.05,336.2,"H1-01-01","震坤行"]
["宝鸡","RK0820050112","2020/5/7","04.03.03.02.002462","PVC供水活接","Φ63（5个装）","卓炫","件",4,68.16,272.64,"M1-01-01","北京京东"]
["宝鸡","RK0820050110","2020/5/7","04.03.04.02.000139","轴承","UCP310","泛科","个",2,121.1,242.2,"H1-01-01","震坤行"]
["宝鸡","RK0820050060","2020/5/6","04.03.05.07.000022","污水泵维修","7.5KW","无","台",2,750,1500,"U-01-01","泰森机电"]
["宝鸡","RK0820050074","2020/5/6","04.03.01.04.000567","LED工矿灯光源板","6500K","亚明","个",8,55,440,"B-01-01","浩祥晟机电"]
["宝鸡","RK0820050061","2020/5/6","04.04.18.06.000181","柴机油","15W-40/CF-4(16KG)","长城","桶",4,295,1180,"J1-01-01","秦海石化"]
["宝鸡","RK0820050074","2020/5/6","04.03.03.02.001857","PVC供水活接","DN63","通用","个",20,24.19,483.8,"B-01-01","浩祥晟机电"]
["宝鸡","RK0820050067","2020/5/6","04.04.14.04.000076","钳活塞","W041400661","山工","个",2,44,88,"G-01-01","博诚盛凯"]
["宝鸡","RK0820050074","2020/5/6","04.03.03.01.000024","PVC球阀","DN60","无","个",20,14.51,290.2,"B-01-01","浩祥晟机电"]
["宝鸡","RK0820050089","2020/5/6","04.03.05.07.000023","污水泵维修","11KW","维修","台",1,1062,1062,"U-01-01","泰森机电"]
["宝鸡","RK0820050060","2020/5/6","04.03.05.07.000023","污水泵维修","11KW","维修","台",1,1062,1062,"U-01-01","泰森机电"]
["宝鸡","RK0820050074","2020/5/6","04.03.03.02.001723","PVC供水管","DN63","通用","根",15,77,1155,"B-01-01","浩祥晟机电"]
["宝鸡","RK0820050074","2020/5/6","04.03.03.02.000795","PVC直接","DN110","国标","个",50,8.71,435.5,"B-01-01","浩祥晟机电"]
["宝鸡","RK0820050074","2020/5/6","04.03.03.02.001448","PVC变径","DN75-63","国标","个",20,6.29,125.8,"B-01-01","浩祥晟机电"]
["宝鸡","RK0820050070","2020/5/6","04.03.01.01.000437","电位器","0.1K/7276","胜动济柴/中国","个",1,220,220,"A1-01-01","沃尔奔达"]
["宝鸡","RK0820050088","2020/5/6","04.03.05.07.000004","电机维修","Y90s-2/4/1.5KW","维修","台",3,162,486,"U-01-01","泰森机电"]
["宝鸡","RK0820050077","2020/5/6","04.03.01.03.000332","YG高温线","2*2.5","国标","米",10,12.39,123.9,"B-01-01","浩祥晟机电"]
["宝鸡","RK0820050077","2020/5/6","04.03.03.01.000004","全铜电磁阀","2W/220V/DN50","国标","个",1,362,362,"B-01-01","浩祥晟机电"]
["宝鸡","RK0820050074","2020/5/6","04.03.03.02.001271","PVC供水管","DN32","通用","米",40,5.03,201.2,"B-01-01","浩祥晟机电"]
["宝鸡","RK0820050036","2020/5/5","04.04.01.03.000270","呼气管","扬子江4BD1","福田","个",1,64,64,"E-01-01","江瑞商贸"]
["宝鸡","RK0820050036","2020/5/5","04.04.01.01.000519","后刹车皮碗","奥铃捷运","福田","个",1,34,34,"E-01-01","江瑞商贸"]
["宝鸡","RK0820050036","2020/5/5","04.04.18.08.000020","四插继电器","24V","福田","个",1,34,34,"E-01-01","江瑞商贸"]
["宝鸡","RK0820050036","2020/5/5","04.04.08.03.000052","进气管","全柴490T40","福田","个",1,118,118,"E-01-01","江瑞商贸"]
["宝鸡","RK0820050036","2020/5/5","04.04.06.03.000171","进气支管","玉柴4110","福田","个",1,148,148,"E-01-01","江瑞商贸"]
["宝鸡","RK0820050043","2020/5/5","04.03.01.04.000566","浴霸","F-22G03 300×300mm","欧普","个",2,488.04,976.08,"H1-01-01","震坤行"]
["宝鸡","RK0820050036","2020/5/5","04.04.01.01.000338","手控阀","奥铃TX","奥铃","个",1,84,84,"E-01-01","江瑞商贸"]
["宝鸡","RK0820050036","2020/5/5","04.04.18.08.000018","电磁式电源开关","24V","福田","个",1,128,128,"E-01-01","江瑞商贸"]
["宝鸡","RK0820050036","2020/5/5","04.04.01.01.000599","油箱浮子","奥铃捷运","奥铃","个",1,108,108,"E-01-01","江瑞商贸"]
["宝鸡","RK0820050036","2020/5/5","04.04.01.01.000516","过桥胶套","奥铃捷运","福田","个",1,84,84,"E-01-01","江瑞商贸"]
["宝鸡","RK0820050036","2020/5/5","04.04.18.04.000023","皮带","AV17*1250Li","福田","根",1,34,34,"E-01-01","江瑞商贸"]
["宝鸡","RK0820050036","2020/5/5","04.04.01.01.000378","拉杆球头","奥铃捷运","福田","个",1,74,74,"E-01-01","江瑞商贸"]
["宝鸡","RK0820050036","2020/5/5","04.04.01.02.000050","燃油传感器","奥铃TX","福田","个",1,49,49,"E-01-01","江瑞商贸"]
["宝鸡","RK0820050036","2020/5/5","04.03.04.02.000143","轴承","30615（7815）","HRB","盘",1,99,99,"E-01-01","江瑞商贸"]
["宝鸡","RK0820050036","2020/5/5","04.04.06.01.000547","后轮油封","98*130*12","福田","个",1,44,44,"E-01-01","江瑞商贸"]
["宝鸡","RK0820050036","2020/5/5","04.04.05.03.000197","手油泵","YC6110","福田","个",1,168,168,"E-01-01","江瑞商贸"]
["宝鸡","RK0820050036","2020/5/5","04.04.01.02.000037","组合开关","奥铃TX","福田","个",1,148,148,"E-01-01","江瑞商贸"]
["宝鸡","RK0820050019","2020/5/4","04.03.07.03.000289","加工传动轴","78cm*4cm*13cm","加工","套",2,533,1066,"A-01-01","宁远机械"]
["宝鸡","RK0820050019","2020/5/4","04.05.14.01.000040","刀片","疏松机","加工","个",20,5,100,"A-03-16","宁远机械"]
["宝鸡","RK0820050019","2020/5/4","04.03.07.03.000236","疏松机刀盒","48*36*18","加工","个",30,5,150,"A-01-01","宁远机械"]
["宝鸡","RK0820050028","2020/5/4","04.03.02.01.001034","毛刷","2寸（4只装）","谋福","件",2,8.79,17.58,"M1-01-01","北京京东"]
["宝鸡","RK0820050017","2020/5/2","04.05.16.01.000276","机油泵总成","12V17/48.00","胜动济柴/中国","个",1,2800,2800,"A1-01-01","沃尔奔达"]
["宝鸡","RK0820050018","2020/5/2","04.05.16.01.000223","高压线","SD-1","胜动济柴/中国","个",10,210,2100,"A1-01-01","沃尔奔达"]
["宝鸡","RK0820050018","2020/5/2","04.05.16.01.001373","美国转速传感器","8920-551","沃尔奔达","个",1,1500,1500,"A1-01-01","沃尔奔达"]
["宝鸡","RK0820050011","2020/5/1","04.03.04.02.000005","轴承","NJ207ECJ","天马","盘",10,38.88,388.8,"M1-01-01","北京京东"]
["宝鸡","RK0820050010","2020/5/1","04.03.07.02.000597","不锈钢安全钩","Φ10","英耐特","个",5,57.6,288,"M1-01-01","北京京东"]
["宝鸡","RK0820050009","2020/5/1","04.03.02.01.000048","活动扳手","12寸","威克","把",2,47.04,94.08,"M1-01-01","北京京东"]
["宝鸡","RK0820050010","2020/5/1","04.03.04.02.000010","轴承","6205-2RS1","天马","盘",20,7.2,144,"M1-01-01","北京京东"]
["宝鸡","RK0820050007","2020/5/1","04.05.16.01.000224","功率弯板","/","胜动济柴/中国","套",1,1500,1500,"A1-01-01","沃尔奔达"]
["宝鸡","RK0820050008","2020/5/1","04.03.04.02.000030","轴承","6312-2RS1","NSK","盘",4,212.15,848.6,"M1-01-01","北京京东"]
["宝鸡","RK0820050013","2020/5/1","04.03.01.04.000519","磁铁低压旋转闪光警示灯","24V","BOWERY","个",6,61.93,371.58,"M1-01-01","北京京东"]
["宝鸡","RK0820050011","2020/5/1","04.03.07.02.002422","螺栓松动剂","300g","保赐利","瓶",12,16.01,192.12,"M1-01-01","北京京东"]
["宝鸡","RK0820050009","2020/5/1","04.03.01.04.000519","磁铁低压旋转闪光警示灯","24V","BOWERY","个",11,61.93,681.23,"M1-01-01","北京京东"]
["宝鸡","RK0820050004","2020/5/1","04.03.01.02.000563","万能转换开关","LW26-25D202/1","德力西","个",1,44.32,44.32,"B-01-01","浩祥晟机电"]
["宝鸡","RK0820050016","2020/5/1","04.03.04.04.000476","气动开关","JM-05 φ8","国标","个",5,45,225,"U-01-01","泰森机电"]
["宝鸡","RK0820050008","2020/5/1","04.03.04.02.000073","轴承","UCF205","TR","盘",2,51.5,103,"M1-01-01","北京京东"]
["宝鸡","RK0820050010","2020/5/1","04.03.04.02.000009","轴承","6204-2RS1","天马","盘",20,6.82,136.4,"M1-01-01","北京京东"]
["宝鸡","RK0820050011","2020/5/1","04.03.07.02.000002","电工胶布","PVC","ABLEMEN","卷",50,5.18,259,"M1-01-01","北京京东"]
["宝鸡","RK0820050008","2020/5/1","04.03.01.02.001599","热过载继电器","Y3R10-36/23-32A","施耐德","个",2,130.91,261.82,"M1-01-01","北京京东"]
["宝鸡","RK0820050010","2020/5/1","04.03.03.02.001947","PVC钢丝软管","DN38","FGO","米",10,87.11,871.1,"M1-01-01","北京京东"]
["宝鸡","RK0820050006","2020/5/1","04.05.16.01.001371","增压器","水冷 H145","沃尔奔达","个",1,6000,6000,"A1-01-01","沃尔奔达"]
["宝鸡","RK0820050005","2020/5/1","04.03.03.01.000329","304不锈钢浮球阀","DN25","国标","个",3,91,273,"B-01-01","浩祥晟机电"]
["宝鸡","RK0820040446","2020/4/30","04.03.04.02.000120","轴承",22214,"枫帆","个",4,127.3,509.2,"H1-01-01","震坤行"]
["宝鸡","RK0820040448","2020/4/30","04.05.13.01.000165","加油卡","/","无","个",10,29.03,290.3,"B-01-01","浩祥晟机电"]
["宝鸡","RK0820040458","2020/4/30","04.06.03.03.000218","座套","3座（布面）","加工","套",12,264,3168,"E-01-01","江瑞商贸"]
["宝鸡","RK0820040456","2020/4/30","04.03.04.06.000019","三角带","B1346","三力士","根",15,9.67,145.05,"H1-01-01","震坤行"]
["宝鸡","RK0820040448","2020/4/30","04.03.07.02.001620","加油机卡槽","正星加油机","正星","套",1,580,580,"B-01-01","浩祥晟机电"]
["宝鸡","RK0820040449","2020/4/30","04.06.02.01.000058","尿素溶液","10kg车用","国标","桶",6,45,270,"E-01-01","江瑞商贸"]
["宝鸡","RK0820040457","2020/4/30","04.03.05.07.001234","抛料车维修","/","维修","台",1,1952,1952,"A-01-01","宁远机械"]
["宝鸡","RK0820040444","2020/4/30","04.03.01.04.000548","开尔LED灯泡","45W","开尔","个",50,63,3150,"U-01-01","泰森机电"]
["宝鸡","RK0820040458","2020/4/30","04.06.03.03.000216","座套","2座（布面）","加工","套",8,192,1536,"E-01-01","江瑞商贸"]
["宝鸡","RK0820040458","2020/4/30","04.06.03.03.000217","座套","1座（皮面）","加工","套",33,143,4719,"E-01-01","江瑞商贸"]
["宝鸡","RK0820040446","2020/4/30","04.03.02.01.000351","割嘴","3#","日出","个",10,8.82,88.2,"H1-01-01","震坤行"]
["宝鸡","RK0820040447","2020/4/30","04.05.13.03.000100","六角带","BB型/压片厂","压片机专用","条",6,270,1620,"U1-01-01","智博物流"]
["宝鸡","RK0820040430","2020/4/29","04.04.05.03.000197","手油泵","YC6110","福田","个",1,168,168,"E-01-01","江瑞商贸"]
["宝鸡","RK0820040430","2020/4/29","04.04.09.01.000231","车门锁","五征","福田","个",1,64,64,"E-01-01","江瑞商贸"]
["宝鸡","RK0820040431","2020/4/29","04.03.04.01.000017","钢丝绳卡子","12#","国标","个",20,5.81,116.2,"B-01-01","浩祥晟机电"]
["宝鸡","RK0820040429","2020/4/29","04.05.13.02.002488","制冷剂","R22","巨化","瓶",15,700,10500,"Q1-01-01","金宸制冷"]